|
|
|
|
| LEADER |
00000cam a2200000 7i4500 |
| 001 |
0000050773 |
| 005 |
20151223.0 |
| 008 |
150722 |
| 020 |
|
|
|a 9673691388
|
| 020 |
|
|
|a 9789673691388
|
| 090 |
0 |
0 |
|a 658.3
|b SLA
|
| 100 |
1 |
|
|a Slater, Rus
|
| 245 |
1 |
0 |
|a Teknik terhebat meledakkan potensi tersembunyi
|c Rus Slater; Translator: Muhammad Firdaus bin Ariff
|
| 260 |
|
|
|a Batu Caves :
|b PTS Professional ,
|c 2011 c2012
|
| 300 |
|
|
|a 118pg. ;
|c 19cm.
|
| 490 |
1 |
|
|a Teknik kejayaan super
|
| 650 |
|
0 |
|a Interpersonal relationship
|
| 650 |
|
0 |
|a Personnel management
|
| 700 |
1 |
|
|a Muhammad Firdaus bin Ariff (Translator)
|
| 999 |
|
|
|a 0001357001
|b Book
|c Adult Collection
|e Cawangan Tangkak
|
| 999 |
|
|
|a 0001357692
|b Book
|c Adult Collection
|e Cawangan Tmn. Ungku Tun Aminah
|
| 999 |
|
|
|a 0001357693
|b Book
|c Adult Collection
|e Cawangan Bandar Tenggara
|
| 999 |
|
|
|a 0001357694
|b Book
|c Adult Collection
|e Cawangan Taman Sri Lambak
|
| 999 |
|
|
|a 0001357695
|b Book
|c Adult Collection
|e Cawangan Bandar Penawar
|
| 999 |
|
|
|a 0001357696
|b Book
|c Adult Collection
|e Cawangan Sri Merlong
|
| 999 |
|
|
|a 0001357697
|b Book
|c Adult Collection
|e Cawangan Segamat
|
| 999 |
|
|
|a 0001357698
|b Book
|c Adult Collection
|e Cawangan Pontian
|
| 999 |
|
|
|a 0001357700
|b Book
|c Adult Collection
|e Cawangan Kota Tinggi
|
| 999 |
|
|
|a 0001357701
|b Book
|c Adult Collection
|e Cawangan Tangkak
|
| 999 |
|
|
|a 0001357702
|b Book
|c Adult Collection
|e Cawangan Muar
|
| 999 |
|
|
|a 0001357703
|b Book
|c Adult Collection
|e Cawangan Mersing
|
| 999 |
|
|
|a 0001357704
|b Book
|c Adult Collection
|e Cawangan Bukit Gambir
|
| 999 |
|
|
|a 0001358094
|b Book
|c Adult Collection
|e Perbadanan Perpustakaan Awam Johor
|
| 999 |
|
|
|a 0001358095
|b Book
|c Adult Collection
|e Cawangan Urban Transformation Centre
|
| 999 |
|
|
|a 0001358096
|b Book
|c Adult Collection
|e Cawangan AEON Kulaijaya
|